[Event "Pontevedra op-B 10th"]
[Site "Pontevedra"]
[Date "2022.07.28"]
[Round "7.20"]
[White "Garcia Camina, Belarmino"]
[Black "Lopez Sanchez, Ivan"]
[Result "1-0"]
[WhiteElo "1468"]
[BlackElo "1141"]
[PlyCount "97"]
[EventDate "2022.07.24"]
[EventType "swiss"]
[EventRounds "9"]
[EventCountry "ESP"]
[SourceTitle "EXT 2023"]
[Source "ChessBase"]
[SourceDate "2022.10.05"]
[SourceVersion "1"]
[SourceVersionDate "2022.10.05"]
[SourceQuality "1"]

1. d4 Nf6 2. Nf3 g6 3. g3 Bg7 4. Bg2 0-0 5. 0-0 d5 6. Bf4 Nbd7 7. Nbd2 c5 8. c3 b6 9. Rc1 Bb7 10. h3 Rc8 11. g4 cxd4 12. cxd4 Rxc1 13. Qxc1 Qc8 14. Qb1 Bc6 15. Rc1 Qb7 16. b4 Bb5 17. Rc7 Qb8 18. e3 Qa8 19. Qc2 e6 20. a4 Ba6 21. g5 Ne4 22. Rxd7 Rc8 23. Rc7 Bb7 24. Rxc8+ Bxc8 25. Nxe4 dxe4 26. Nd2 Bb7 27. Qc7 Bf8 28. b5 Bb4 29. Nc4 Bd5 30. Nd6 Qf8 31. Nxe4 Bxe4 32. Bxe4 Ba5 33. Qb8 Qxb8 34. Bxb8 Kf8 35. Bd6+ Ke8 36. Bc6+ Kd8 37. Kg2 Bc3 38. Kf3 Be1 39. Ke2 Ba5 40. Kd3 Be1 41. f3 Bh4 42. Bf4 Be1 43. e4 Ba5 44. Kc4 Ke7 45. d5 Be1 46. d6+ Kd8 47. Be5 Bh4 48. Bf6+ Kc8 49. d7+ 1-0

[Event "Pontevedra op-B 10th"]
[Site "Pontevedra"]
[Date "2022.07.27"]
[Round "6.9"]
[White "Lopez Sanchez, Ivan"]
[Black "Garcia Hernandez, Angel"]
[Result "0-1"]
[WhiteElo "1141"]
[BlackElo "1900"]
[PlyCount "50"]
[EventDate "2022.07.24"]
[EventType "swiss"]
[EventRounds "9"]
[EventCountry "ESP"]
[SourceTitle "EXT 2023"]
[Source "ChessBase"]
[SourceDate "2022.10.05"]
[SourceVersion "1"]
[SourceVersionDate "2022.10.05"]
[SourceQuality "1"]

1. d4 c5 2. Nf3 g6 3. g3 Bg7 4. Bg2 Nc6 5. c3 d5 6. 0-0 Nf6 7. dxc5 Ne4 8. Be3 0-0 9. Nbd2 Qa5 10. Nb3 Qd8 11. Nbd4 a5 12. Nd2 Bf5 13. Bxe4 dxe4 14. Nxc6 bxc6 15. Nc4 Qc7 16. Bd4 Rfd8 17. e3 e5 18. Bxe5 Bxe5 19. Qa4 Bg4 20. Nxe5 Qxe5 21. Qxc6 Bf3 22. h3 Rac8 23. Qb6 Qh5 24. Kh2 Rd5 25. b4 Qxh3+ 0-1